000 00454nam a2200169 4500
005 20220602095818.0
037 _aBC_457 74
040 _aBC-ENSA
_bfre
041 _afre
_bfre
100 _aVALENTE, E. Gonçalves
245 _aO arroz em moçambique
_nvolume 2
260 _amoçambique
_blourenço marques
_c1968
300 _a987 p.
_bill.
_c24 cm
562 _e exemplaire(s)
650 _aAGRONOMI/MOZAMBIQUE/EAU
942 _c09
999 _c34618
_d62616